Estatísticas para Top-4 de todas as Copinhas

Clique aqui para jogar o quiz

Estatísticas Gerais

  • Esse quiz foi jogado 55 vezes
    (19 desde o último reset)
  • A pontuação média é 33 de 51

Estatísticas das Respostas

Responder% Correto
América-MG
100%
Botafogo
100%
Corinthians
100%
Flamengo
100%
Fluminense
100%
Grêmio
100%
Internacional
100%
Palmeiras
100%
São Paulo
100%
Vasco da Gama
100%
Atlético-MG
94%
Cruzeiro
94%
Juventude
94%
Santos
94%
Avaí
89%
Bahia
89%
Coritiba
89%
Figueirense
89%
Ponte Preta
89%
Athletico-PR
83%
Goiás
83%
Nacional
83%
Guarani
78%
Juventus
78%
Paraná
78%
Portuguesa
78%
Vitória
78%
Novorizontino
72%
Santo André
72%
Red Bull Bragantino
67%
Joinville
61%
América-SP
56%
Comercial-SP
50%
São Bernardo
50%
Batatais
44%
Botafogo-SP
44%
Marília
44%
Oeste
39%
Paulista
39%
Roma Barueri
39%
Londrina
33%
Inter de Limeira
28%
Desportivo Brasil
22%
Campo Grande
17%
Grêmio Barueri
17%
Matsubara
17%
Rio Branco-SP
17%
Primavera
11%
Santa Tereza
11%
GE Novorizontino
6%
Iraty
6%

Distribuição das Pontuações

Percentil de Números Respondidos

Porcentagem de Pessoas com Cada Pontuação

Sua Pontuação Histórica

Você não jogou esse quiz desde o último reset